000
00251nam a22000977a 4500
999
_c
11811
_d
11811
008
200220b ||||| |||| 00| 0 eng d
020
_a
059046406X
100
_a
Henkes Kevin
_9
7419
245
_a
Sheila Rae, The Brave
260
_a
New Year
_b
Scholastic
_c
1993